| 000 | 00357nam a2200133Ia 4500 | ||
|---|---|---|---|
| 008 | 191014s9999 xx 000 0 und d | ||
| 020 | _a0-12-514080-0 | ||
| 082 |
_a514 _bNAS |
||
| 100 |
_aCharles Nash Siddhartha Sen _920404 |
||
| 245 | 0 | _aTopology and Geometry for Physicists | |
| 260 |
_aLondon _bAcademic Press _c1983 |
||
| 300 | _aX,311 | ||
| 942 | _cBK | ||
| 999 |
_c530984 _d530984 |
||